10 największych województw w Polsce - Statystyki

Ogólne statystyki
  • Ten quiz został rozwiązany 705 razy
  • Średni wynik to 9 z 10
Statystyki odpowiedzi
Liczba ludności Województwo % Poprawnych
5 391 813 mazowieckie
99%
2 337 769 pomorskie
94%
4 524 100 śląskie
92%
3 495 470 wielkopolskie
92%
2 900 000 dolnośląskie
91%
3 404 900 małopolskie
91%
2 117 619 lubelskie
88%
2 466 322 łódzkie
84%
2 074 500 kujawsko-pomorskie
79%
2 129 138 podkarpackie
79%
Nie znaleziono quizów pasujących do podanych kryteriów
Rozkład punktacji
Procent ludzi z każdym wynikiem
Percentyl według liczby udzielonych odpowiedzi
Twoja historia wyników
Nie rozwiązałeś tego quizu